000 00728nam a22002177a 4500
005 20140728120813.0
010 _aENG-110074
020 _a9789380607054
_c695.00
035 _aEN-93607
037 _bDBAD/PUB
082 _a954
245 _aConvergence :
_cedited by Radhika Seshan
_brethinking India's past /
260 _aDelhi
_bPrimus Books
_c2014
270 _aVirat Bhavan, Mukherjee Nagar Commercial Complex
_bDelhi
_e110009
300 _a134p. :
_c24cm(Hb)
_bill.,maps
490 _aIssues in history
500 _aIncludes bibliographical references and index.
520 _aPapers presented at a meeting held at University of Pune.
700 _aSeshan, Radhika
942 _2ddc
_cEN
_mCON
_h954
999 _c84499
_d84499